000 00599nam a2200205Ii 4500
003 JO-AjNU
008 230606s9999||||xx |||||||||||||| ||und||
020 _a978-1-84265-772-0
040 _aJO-AjNU
_beng
_erda
_cJO-AjNU
041 _aeng
050 1 4 _aQA372.2013
100 3 _aRai.b/Choudhury.d.p,
_eauthor
_94285
245 0 0 _aAcourse In ordinary Differential Equations
264 3 1 _aOXFORD:Aloha science,2013
300 _a476p
336 _atext
_btxt
_2rdacontent
337 _aunmediated
_bn
_2rdamedia
338 _avolume
_bnc
_2rdacarrier
650 4 _a Differential equations 
_94286
999 _aE2228
_c2226
_d2226